[Event "I Torneo Hotel Petra A"]
[Site "Roma ITA"]
[Date "2004.03.10"]
[Round "4"]
[White "Ortega, Lexy"]
[Black "Fayard, Alain"]
[Result "1-0"]
[WhiteElo "2454"]
[BlackElo "2256"]
[PlyCount "63"]
[EventDate "2004.03.08"]

1. Nf3 Nf6 2. c4 e6 3. e3 d5 4. d4 Bb4+ 5. Nbd2 O-O 6. a3 Bxd2+ 7. Qxd2 b6 8.
b3 Bb7 9. Be2 Nbd7 10. O-O Qe7 11. Bb2 Rfd8 12. Rac1 c5 13. cxd5 Bxd5 14. b4
Ne4 15. Qe1 Rac8 16. Ba6 Rb8 17. Bd3 f5 18. dxc5 bxc5 19. Ne5 cxb4 20. Nxd7
Rxd7 21. Be5 Rbb7 22. Rc8+ Rd8 23. Rxd8+ Qxd8 24. axb4 Qe7 25. f3 Nf6 26. e4
fxe4 27. fxe4 Bc6 28. Qc3 Bd7 29. Bd4 Bb5 30. Bxb5 Rxb5 31. e5 Qxb4 32. exf6
1-0

[Event "I Torneo Hotel Petra A"]
[Site "Roma ITA"]
[Date "2004.03.10"]
[Round "4"]
[White "Tomescu, Vlad"]
[Black "Marzano, Carlo"]
[Result "1-0"]
[WhiteElo "2419"]
[BlackElo "2228"]
[PlyCount "97"]
[EventDate "2004.03.08"]

1. d4 g6 2. e4 Bg7 3. Nc3 c6 4. Bc4 d6 5. f4 Qb6 6. Nf3 Nh6 7. h3 f5 8. e5 d5
9. Bb3 a5 10. Be3 Qc7 11. a4 b6 12. Ng5 Na6 13. Rc1 e6 14. g4 Bd7 15. Qe2 Bf8
16. Rg1 Be7 17. Nf3 Qb7 18. Nd1 b5 19. c3 Nc7 20. Nf2 Qb6 21. Nd3 Na6 22. Qf2
Rf8 23. Rg2 Rb8 24. Ra1 Ra8 25. Qg1 Nc7 26. Bf2 Bc8 27. Ng5 Bxg5 28. fxg5 Ng8
29. gxf5 Rxf5 30. axb5 cxb5 31. Be3 Ne7 32. Nf2 Rf3 33. Ke2 Rf7 34. Ng4 Nf5 35.
Nf6+ Kd8 36. Kd2 Ba6 37. Bc2 Rc8 38. Qd1 Bb7 39. h4 Na8 40. Qb1 Re7 41. h5 Kc7
42. Qa2 a4 43. Qa3 Rg7 44. Bxf5 gxf5 45. g6 Kb8 46. Bh6 Rgc7 47. Qd6 Qa5 48. b4
Qa7 49. Nd7# 1-0

[Event "I Torneo Hotel Petra A"]
[Site "Roma ITA"]
[Date "2004.03.10"]
[Round "4"]
[White "Tribuiani, Renato"]
[Black "Naumkin, Igor"]
[Result "1/2-1/2"]
[WhiteElo "2099"]
[BlackElo "2416"]
[PlyCount "100"]
[EventDate "2004.03.08"]

1. d4 e6 2. e3 Nf6 3. Nd2 c5 4. c3 Nc6 5. Bd3 d5 6. f4 Bd6 7. Nh3 O-O 8. O-O b6
9. Nf3 Ne7 10. Bd2 Bb7 11. Be1 Ne4 12. Nfg5 Nf5 13. Qf3 Nxg5 14. Nxg5 h6 15.
Nh3 Be7 16. g4 Nd6 17. g5 f5 18. gxh6 gxh6 19. Kh1 Kh7 20. Rg1 Rg8 21. Bf2 Ne4
22. Rxg8 Qxg8 23. Rg1 Qf7 24. Be2 Rg8 25. Be1 Bc6 26. Qh5 Qxh5 27. Bxh5 a5 28.
Bf7 Rxg1+ 29. Nxg1 Bd7 30. Nf3 Nd6 31. Ne5 Bc8 32. Bh5 Bf6 33. Be2 Kg7 34. Kg2
Bb7 35. Kh3 c4 36. Nd7 Bd8 37. Bf3 Bc6 38. Ne5 Be8 39. Bh4 Bc7 40. Be7 Nc8 41.
Bh4 b5 42. Be1 Bd6 43. a3 Nb6 44. Bd1 Na8 45. Kg2 Nc7 46. Kf2 Na6 47. Kg2 b4
48. axb4 axb4 49. cxb4 Nxb4 50. b3 cxb3 1/2-1/2

[Event "I Torneo Hotel Petra A"]
[Site "Roma ITA"]
[Date "2004.03.11"]
[Round "5"]
[White "Fayard, Alain"]
[Black "Corvi, Marco"]
[Result "0-1"]
[WhiteElo "2256"]
[BlackElo "2295"]
[PlyCount "74"]
[EventDate "2004.03.08"]

1. e4 Nf6 2. e5 Nd5 3. d4 d6 4. Nf3 Bg4 5. Be2 e6 6. h3 Bh5 7. c4 Nb6 8. exd6
cxd6 9. Nc3 Be7 10. d5 e5 11. g4 Bg6 12. h4 h5 13. g5 N8d7 14. Nd2 Rc8 15. b3
Nc5 16. Nf1 f5 17. gxf6 Bxf6 18. Rg1 Kf7 19. Rxg6 Kxg6 20. Bxh5+ Rxh5 21. Qg4+
Kh7 22. Qxh5+ Kg8 23. Bg5 Nd3+ 24. Kd2 Nxf2 25. Ne3 Nh3 26. Ne4 Nf4 27. Qg4
Bxg5 28. hxg5 Nd7 29. Nf5 Qa5+ 30. Ke3 Qb6+ 31. Kf3 Rf8 32. Ne7+ Kh8 33. Kg3
Qe3+ 34. Kh2 Qxe4 35. Rh1 g6 36. Nxg6+ Qxg6 37. Qxd7 Qxg5 0-1

[Event "I Torneo Hotel Petra A"]
[Site "Roma ITA"]
[Date "2004.03.11"]
[Round "5"]
[White "Marzano, Carlo"]
[Black "Tribuiani, Renato"]
[Result "0-1"]
[WhiteElo "2228"]
[BlackElo "2099"]
[PlyCount "126"]
[EventDate "2004.03.08"]

1. Nf3 d5 2. d4 e6 3. Bf4 c5 4. e3 Nc6 5. c3 Nf6 6. Nbd2 Be7 7. Bd3 Nh5 8. Be5
Nxe5 9. Nxe5 Nf6 10. Qf3 cxd4 11. exd4 Qa5 12. g4 O-O 13. Qh3 g6 14. Rg1 Ne4
15. Nxe4 dxe4 16. Bxe4 Bg5 17. Qg3 Rd8 18. Kf1 Qb5+ 19. Nd3 Bf6 20. g5 Bg7 21.
f4 Bd7 22. Qf3 Bc6 23. Re1 Qc4 24. a3 Bxd4 25. cxd4 Rxd4 26. Bxc6 Rxd3 27. Qe2
bxc6 28. Rg2 Qxf4+ 29. Rf2 Qd4 30. Kg1 Rd8 31. Ref1 Rd2 32. Qf3 Rxf2 33. Rxf2
Qd1+ 34. Qxd1 Rxd1+ 35. Kg2 Rd5 36. h4 Kf8 37. Rc2 c5 38. Rc4 Rd2+ 39. Kg1 Rxb2
40. Rxc5 Rb3 41. Ra5 Rh3 42. Ra4 Rf3 43. Kg2 Rf5 44. Rxa7 Kg7 45. Kg3 h6 46.
Kg4 Rf1 47. gxh6+ Kxh6 48. a4 e5 49. a5 f5+ 50. Kg3 Ra1 51. a6 Ra3+ 52. Kf2 Kh5
53. Rh7+ Kg4 54. a7 f4 55. Rg7 Ra2+ 56. Ke1 Kf3 57. Rxg6 Rxa7 58. Re6 e4 59. h5
e3 60. Kd1 Rd7+ 61. Ke1 Ra7 62. Kd1 Kf2 63. h6 Rd7+ 0-1

[Event "I Torneo Hotel Petra A"]
[Site "Roma ITA"]
[Date "2004.03.11"]
[Round "5"]
[White "Naumkin, Igor"]
[Black "Jones, Gawain C.B."]
[Result "1/2-1/2"]
[WhiteElo "2416"]
[BlackElo "2387"]
[PlyCount "63"]
[EventDate "2004.03.08"]

1. d4 Nf6 2. Nf3 c5 3. d5 b5 4. Bg5 Qb6 5. Bxf6 Qxf6 6. c3 d6 7. e4 a6 8. a4 b4
9. Be2 Nd7 10. O-O Rb8 11. Qc2 g5 12. Nbd2 Bg7 13. Rac1 g4 14. Ne1 Ne5 15. Nd3
Qh6 16. Nxe5 Bxe5 17. g3 Qg7 18. Nc4 h5 19. a5 h4 20. Bd3 Kf8 21. Qd2 Bf6 22.
Qe1 bxc3 23. bxc3 Rb3 24. Rb1 Rxb1 25. Qxb1 Qh6 26. Qc2 Bxc3 27. Qe2 Bd4 28.
Kh1 hxg3 29. fxg3 Qh3 30. Qg2 Qxg2+ 31. Kxg2 Bc3 32. Rf4 1/2-1/2

[Event "I Torneo Hotel Petra A"]
[Site "Roma ITA"]
[Date "2004.03.11"]
[Round "5"]
[White "Piscopo, Pierluigi"]
[Black "Cavatorta, Fosco"]
[Result "1-0"]
[WhiteElo "2318"]
[BlackElo "2088"]
[PlyCount "93"]
[EventDate "2004.03.08"]

1. e4 d6 2. d4 Nf6 3. Nc3 g6 4. Nf3 Bg7 5. Be3 c6 6. Qd2 Qa5 7. Bd3 Bg4 8.
O-O-O Nbd7 9. h3 Be6 10. Kb1 h6 11. Nd5 Qd8 12. Nf4 Nf8 13. c4 Qc7 14. Qc2 Bd7
15. e5 N6h7 16. e6 Bxe6 17. Nxe6 Nxe6 18. Bxg6 fxg6 19. Qxg6+ Kd7 20. d5 Neg5
21. Nxg5 Nxg5 22. Qxg7 Rag8 23. Qd4 Nf7 24. Qe4 c5 25. Bd2 Rf8 26. f4 Kd8 27.
g4 Qd7 28. Rhe1 Rhg8 29. Re3 Nh8 30. Bc3 Ng6 31. f5 Nh8 32. Rde1 Rf7 33. Qe6
Qxe6 34. Rxe6 Rh7 35. f6 exf6 36. Rxd6+ Kc7 37. Rxf6 h5 38. Re4 hxg4 39. Rxg4
Re8 40. h4 Nf7 41. Re6 Rd8 42. Rg7 Rxg7 43. Bxg7 Kd7 44. h5 Nd6 45. Rxd6+ Kxd6
46. h6 b5 47. b3 1-0

[Event "I Torneo Hotel Petra A"]
[Site "Roma ITA"]
[Date "2004.03.11"]
[Round "5"]
[White "Russo, Carmelo"]
[Black "Ortega, Lexy"]
[Result "0-1"]
[WhiteElo "1447"]
[BlackElo "2454"]
[PlyCount "54"]
[EventDate "2004.03.08"]

1. Nf3 g6 2. g3 Bg7 3. Bg2 e5 4. d3 d5 5. Nbd2 Ne7 6. O-O O-O 7. e3 Nbc6 8. a3
h6 9. c4 Be6 10. Rb1 e4 11. Nd4 Nxd4 12. exd4 exd3 13. cxd5 Bxd5 14. Bxd5 Qxd5
15. Qf3 Rfd8 16. Ne4 f5 17. Nd2 Bxd4 18. Qf4 Bg7 19. Qxc7 Rd7 20. Qc4 Qxc4 21.
Nxc4 Rc8 22. b3 b5 23. Nd2 Nd5 24. Bb2 Bxb2 25. Rxb2 Rc2 26. Rxc2 dxc2 27. Rc1
Ne3 0-1

[Event "I Torneo Hotel Petra A"]
[Site "Roma ITA"]
[Date "2004.03.11"]
[Round "5"]
[White "Sibilio, Mario"]
[Black "Tomescu, Vlad"]
[Result "1-0"]
[WhiteElo "2361"]
[BlackElo "2419"]
[PlyCount "83"]
[EventDate "2004.03.08"]

1. d4 d5 2. c4 e6 3. Nf3 c6 4. Nc3 Nf6 5. Bg5 Be7 6. e3 Nbd7 7. Rc1 O-O 8. Bd3
dxc4 9. Bxc4 Nd5 10. Bxe7 Qxe7 11. O-O Nxc3 12. bxc3 b6 13. e4 c5 14. Re1 Bb7
15. Qd2 Rfd8 16. Qf4 Rac8 17. d5 exd5 18. exd5 Qf6 19. Qe3 Nf8 20. Rcd1 b5 21.
Bxb5 Bxd5 22. Ne5 a6 23. Bf1 h6 24. f4 a5 25. Rxd5 Rxd5 26. Bc4 Rcd8 27. Qf3
Rxe5 28. Rxe5 Ng6 29. Re4 Qd6 30. Qe3 Kf8 31. Bb3 Ne7 32. Re5 Rc8 33. Bc4 Ng6
34. Rd5 Qc7 35. Rf5 Nh8 36. g3 Qd6 37. Rd5 Qe7 38. Re5 Qd6 39. Kf2 Ng6 40. Rd5
Qb6 41. Rd7 Qb2+ 42. Kf3 1-0

[Event "I Torneo Hotel Petra A"]
[Site "Roma ITA"]
[Date "2004.03.11"]
[Round "6"]
[White "Cavatorta, Fosco"]
[Black "Naumkin, Igor"]
[Result "0-1"]
[WhiteElo "2088"]
[BlackElo "2416"]
[PlyCount "78"]
[EventDate "2004.03.08"]

1. Nf3 Nf6 2. d4 e6 3. Bf4 b6 4. e3 Bb7 5. Bd3 Be7 6. h3 c5 7. c3 Nc6 8. Nbd2
cxd4 9. exd4 O-O 10. O-O d6 11. Re1 a6 12. Bh2 b5 13. Qe2 h6 14. Rad1 Qb6 15.
Ne4 Na5 16. Nxf6+ Bxf6 17. Nd2 Bd5 18. Bb1 Be7 19. Qd3 f5 20. Qg3 Rf6 21. Nf3
Qb7 22. h4 b4 23. cxb4 Qxb4 24. Rc1 Qxb2 25. Rc7 Bf8 26. h5 Nc6 27. Qf4 Qb8 28.
Rd7 Qc8 29. Rxd6 Bxd6 30. Qxd6 Qe8 31. Ne5 Nxe5 32. Bxe5 Rf7 33. Re3 Rd7 34.
Qa3 Qxh5 35. Rh3 Qd1+ 36. Kh2 Qxb1 37. Qg3 f4 38. Bxf4 Rf8 39. Bxh6 Qb8 0-1

[Event "I Torneo Hotel Petra A"]
[Site "Roma ITA"]
[Date "2004.03.11"]
[Round "6"]
[White "Corvi, Marco"]
[Black "Tomescu, Vlad"]
[Result "1/2-1/2"]
[WhiteElo "2295"]
[BlackElo "2419"]
[PlyCount "53"]
[EventDate "2004.03.08"]

1. c4 c5 2. Nc3 Nc6 3. Nf3 Nf6 4. g3 g6 5. Bg2 Bg7 6. O-O O-O 7. d4 cxd4 8.
Nxd4 Nxd4 9. Qxd4 d6 10. Qh4 a6 11. Bg5 Rb8 12. Rac1 Be6 13. Rc2 Qa5 14. Rfc1
Rfc8 15. b3 b5 16. Nd5 Bxd5 17. cxd5 Rxc2 18. Rxc2 Qe1+ 19. Bf1 Nxd5 20. Bxe7
Nxe7 21. Qxe7 Bd4 22. e3 Bc5 23. h4 h5 24. Kg2 Qd1 25. Qe4 Kf8 26. Qd3 Qxd3 27.
Bxd3 1/2-1/2

[Event "I Torneo Hotel Petra A"]
[Site "Roma ITA"]
[Date "2004.03.11"]
[Round "6"]
[White "Fayard, Alain"]
[Black "Russo, Carmelo"]
[Result "1-0"]
[WhiteElo "2256"]
[BlackElo "1447"]
[PlyCount "53"]
[EventDate "2004.03.08"]

1. e4 c5 2. Nf3 d6 3. Nc3 Nf6 4. e5 Ng4 5. Bb5+ Nc6 6. exd6 Qxd6 7. Ne4 Qd5 8.
d3 Nf6 9. c4 Qh5 10. Ng3 Qg4 11. O-O Bd7 12. h3 Qe6 13. Bf4 Nd4 14. Re1 Qb6 15.
Nxd4 cxd4 16. Nf5 e6 17. a4 Bxb5 18. axb5 g6 19. Be5 gxf5 20. Bxf6 Rg8 21. Qf3
Bb4 22. Re2 Kd7 23. Bxd4 Bc5 24. Bxc5 Qxc5 25. Qxb7+ Qc7 26. Qf3 Rg5 27. Qxa8
1-0

[Event "I Torneo Hotel Petra A"]
[Site "Roma ITA"]
[Date "2004.03.11"]
[Round "6"]
[White "Jones, Gawain C.B."]
[Black "Marzano, Carlo"]
[Result "1/2-1/2"]
[WhiteElo "2387"]
[BlackElo "2228"]
[PlyCount "75"]
[EventDate "2004.03.08"]

1. e4 g6 2. d4 Bg7 3. Nf3 c6 4. c4 d5 5. cxd5 cxd5 6. exd5 Nf6 7. Bc4 O-O 8.
Nc3 Nbd7 9. O-O Nb6 10. Bb3 Nbxd5 11. Nxd5 Nxd5 12. Re1 e6 13. Bg5 Qd6 14. Qd2
b6 15. Bh6 Bb7 16. Rad1 Rfd8 17. Bxg7 Kxg7 18. Ne5 Qb4 19. Qc2 Qe7 20. Qd2 Qb4
21. Qc2 Qe7 22. g3 Rac8 23. Qd2 Ba8 24. Ng4 h5 25. Qh6+ Kg8 26. Ne5 Qf8 27. Qd2
Kg7 28. a3 Ne7 29. Rc1 Nf5 30. Rxc8 Rxc8 31. Nxf7 Qxf7 32. Bxe6 Qb7 33. d5 Re8
34. Bxf5 Rxe1+ 35. Qxe1 Qxd5 36. Qe7+ Kh6 37. Qf8+ Kh7 38. Qe7+ 1/2-1/2

[Event "I Torneo Hotel Petra A"]
[Site "Roma ITA"]
[Date "2004.03.11"]
[Round "6"]
[White "Ortega, Lexy"]
[Black "Piscopo, Pierluigi"]
[Result "1/2-1/2"]
[WhiteElo "2454"]
[BlackElo "2318"]
[PlyCount "37"]
[EventDate "2004.03.08"]

1. d4 Nf6 2. Nf3 c5 3. e3 g6 4. c4 cxd4 5. exd4 d5 6. Nc3 Nc6 7. Be2 Bg7 8. O-O
O-O 9. h3 dxc4 10. Bxc4 Na5 11. Bd3 b6 12. Bf4 Bb7 13. Be5 Rc8 14. Re1 Nc4 15.
Qe2 Nxe5 16. dxe5 Bxf3 17. Qxf3 Nd7 18. Rad1 Nxe5 19. Qe2 1/2-1/2

[Event "I Torneo Hotel Petra A"]
[Site "Roma ITA"]
[Date "2004.03.11"]
[Round "6"]
[White "Tribuiani, Renato"]
[Black "Sibilio, Mario"]
[Result "0-1"]
[WhiteElo "2099"]
[BlackElo "2361"]
[PlyCount "150"]
[EventDate "2004.03.08"]

1. d4 Nf6 2. e3 g6 3. Nd2 Bg7 4. Bd3 O-O 5. b3 d6 6. Ngf3 e5 7. Bb2 Nc6 8. a3
exd4 9. Nxd4 Ne5 10. Be2 Re8 11. O-O a6 12. Rb1 Bd7 13. Nc4 Nxc4 14. Bxc4 b5
15. Be2 c5 16. Nf3 Bc6 17. h3 Qe7 18. Nh2 Rad8 19. Bf3 d5 20. Qc1 Ne4 21. Bxg7
Kxg7 22. Qb2+ f6 23. Rfd1 Ng5 24. b4 Nxf3+ 25. Nxf3 d4 26. exd4 Bxf3 27. gxf3
Rd5 28. Re1 Qxe1+ 29. Rxe1 Rxe1+ 30. Kh2 cxd4 31. f4 Re4 32. Qb3 Rf5 33. c4
dxc3 34. Qxc3 Rexf4 35. Qc7+ Kh6 36. Qa7 Rxf2+ 37. Kg1 R2f3 38. Qxa6 Rg5+ 39.
Kh2 Rf2+ 40. Kh1 Re5 41. Kg1 Ra2 42. Kf1 Rf5+ 43. Ke1 Rf3 44. Qe6 Raxa3 45. Qg4
Rf5 46. Qh4+ Kg7 47. Qg4 Raf3 48. Qd4 Rxh3 49. Qd7+ Kh6 50. Qd2+ Kh5 51. Qe2+
Kh4 52. Qe4+ Kg3 53. Qe3+ Kg4 54. Qe4+ Rf4 55. Qe2+ Rhf3 56. Qxb5 f5 57. Qc5
Re4+ 58. Kd2 Rb3 59. Qg1+ Kf4 60. Qh2+ Kg5 61. Qxh7 Rbxb4 62. Qh3 f4 63. Qg2+
Kf6 64. Qg4 Re3 65. Qh4+ Kf5 66. Qh6 Rb2+ 67. Kc1 Rg2 68. Kd1 Ke4 69. Qh7 Kf3
70. Qb7+ Kf2 71. Qb2+ Kg1 72. Qd4 g5 73. Kc1 Rf2 74. Kd1 Ra3 75. Qg7 Ra1+ 0-1

[Event "I Torneo Hotel Petra A"]
[Site "Roma ITA"]
[Date "2004.03.12"]
[Round "7"]
[White "Marzano, Carlo"]
[Black "Cavatorta, Fosco"]
[Result "1-0"]
[WhiteElo "2228"]
[BlackElo "2088"]
[PlyCount "82"]
[EventDate "2004.03.08"]

1. d4 d6 2. Nf3 Bg4 3. e4 Nd7 4. Nbd2 e6 5. Bd3 Ne7 6. c3 d5 7. O-O Bh5 8. Qe2
Nf6 9. Re1 c6 10. b3 dxe4 11. Nxe4 Nxe4 12. Bxe4 Nd5 13. Bb2 Bd6 14. c4 Nf4 15.
Qe3 O-O 16. g3 Ng6 17. Rad1 Bb4 18. Rf1 Re8 19. h3 Ne7 20. d5 exd5 21. Qd4 f6
22. cxd5 Qb6 23. d6 Qxd4 24. Rxd4 c5 25. Rd3 Bg6 26. Bxg6 Nxg6 27. Rc1 Re2 28.
a3 Ba5 29. Ba1 Bb6 30. Nd2 Rxf2 31. Kxf2 c4+ 32. Rd4 Ne5 33. Kf1 Nd3 34. Rxd3
cxd3 35. d7 Rd8 36. Rc8 Kf7 37. Rxd8 Bxd8 38. Bd4 a6 39. Nc4 Ke7 40. Bb6 Kxd7
41. Bxd8 Kxd8 1-0

[Event "I Torneo Hotel Petra A"]
[Site "Roma ITA"]
[Date "2004.03.12"]
[Round "7"]
[White "Piscopo, Pierluigi"]
[Black "Fayard, Alain"]
[Result "1-0"]
[WhiteElo "2318"]
[BlackElo "2256"]
[PlyCount "79"]
[EventDate "2004.03.08"]

1. Nc3 c5 2. e4 Nc6 3. Nf3 Nf6 4. Bb5 Nd4 5. e5 Nxb5 6. Nxb5 Nd5 7. O-O a6 8.
Nc3 Nxc3 9. dxc3 d5 10. exd6 Qxd6 11. Qe2 Bg4 12. Qe4 Bxf3 13. Qxf3 Qc6 14. Qh5
e6 15. Bg5 g6 16. Qh4 Bg7 17. Rad1 O-O 18. Rd3 f6 19. Be3 Rad8 20. Qc4 Rxd3 21.
cxd3 Rc8 22. Re1 b5 23. Qb3 c4 24. dxc4 bxc4 25. Qb6 Qxb6 26. Bxb6 Rc6 27. Be3
Rd6 28. Kf1 Kf7 29. Ke2 e5 30. b3 Rc6 31. b4 Rd6 32. a4 f5 33. b5 f4 34. Bc5
Rd5 35. b6 Rd7 36. Rb1 Rb7 37. Kf3 Ke6 38. Ke4 g5 39. f3 Bf6 40. Rd1 1-0

[Event "I Torneo Hotel Petra A"]
[Site "Roma ITA"]
[Date "2004.03.12"]
[Round "7"]
[White "Russo, Carmelo"]
[Black "Corvi, Marco"]
[Result "0-1"]
[WhiteElo "1447"]
[BlackElo "2295"]
[PlyCount "90"]
[EventDate "2004.03.08"]

1. Nf3 f5 2. b3 Nf6 3. Bb2 e6 4. g3 b6 5. Bg2 Bb7 6. O-O Be7 7. c4 O-O 8. d4
Na6 9. Nbd2 c5 10. e3 Qc7 11. Qc1 Rac8 12. a3 Ne4 13. Nb1 Bf6 14. Nc3 Nxc3 15.
Qxc3 cxd4 16. exd4 b5 17. Rac1 Nc5 18. Qe3 bxc4 19. bxc4 Na4 20. Ba1 Ba6 21.
Nd2 Nb6 22. Rfe1 Bb7 23. Bxb7 Qxb7 24. Rb1 Qa6 25. c5 Nd5 26. Qe2 Qxa3 27. Rb7
Qa4 28. Nc4 Rc7 29. Rbb1 Qa6 30. Nd6 Qxe2 31. Rxe2 a5 32. Ra2 Ra7 33. Ra4 Rfa8
34. Rb7 h5 35. Kg2 Rxb7 36. Nxb7 Ra7 37. Nd6 Bd8 38. Ra3 Nb4 39. Bc3 Nd5 40.
Bd2 a4 41. Kf1 Bf6 42. Be3 g5 43. f4 Nxe3+ 44. Rxe3 a3 45. Nb5 a2 0-1

[Event "I Torneo Hotel Petra A"]
[Site "Roma ITA"]
[Date "2004.03.12"]
[Round "7"]
[White "Tomescu, Vlad"]
[Black "Tribuiani, Renato"]
[Result "0-1"]
[WhiteElo "2419"]
[BlackElo "2099"]
[PlyCount "92"]
[EventDate "2004.03.08"]

1. e4 e6 2. d4 c5 3. Nf3 cxd4 4. Nxd4 a6 5. Nc3 Qc7 6. Be3 Nf6 7. f3 Bb4 8.
Nde2 d5 9. a3 Bc5 10. Bxc5 Qxc5 11. exd5 exd5 12. Qd4 Qb6 13. Ne4 Nxe4 14. fxe4
Be6 15. Qxg7 Rf8 16. O-O-O Nd7 17. exd5 Bf5 18. Nd4 Bg6 19. Bd3 O-O-O 20. Bxg6
hxg6 21. Nf3 Nf6 22. Kb1 Nxd5 23. c4 Qf6 24. Qxf6 Nxf6 25. Rxd8+ Kxd8 26. Re1
Nd7 27. Kc2 Nc5 28. Ng5 f6 29. Nf3 a5 30. b4 axb4 31. axb4 Na6 32. Kc3 Nc7 33.
c5 Kd7 34. Kc4 Ra8 35. Kb3 Nb5 36. Rd1+ Kc7 37. Nd4 Ra3+ 38. Kc4 Nxd4 39. Rxd4
Ra2 40. Rg4 g5 41. Kb5 Rd2 42. h4 gxh4 43. Rg7+ Rd7 44. Rxd7+ Kxd7 45. Kb6 Kc8
46. c6 f5 0-1

[Event "I Torneo Hotel Petra A"]
[Site "Roma ITA"]
[Date "2004.03.13"]
[Round "8"]
[White "Cavatorta, Fosco"]
[Black "Sibilio, Mario"]
[Result "0-1"]
[WhiteElo "2088"]
[BlackElo "2361"]
[PlyCount "56"]
[EventDate "2004.03.08"]

1. Nf3 Nf6 2. d4 d6 3. Bf4 g6 4. h3 Bg7 5. e3 O-O 6. Be2 c5 7. c3 b6 8. O-O Bb7
9. Nbd2 Nc6 10. Bh2 Nd7 11. d5 Nce5 12. Nxe5 Nxe5 13. f4 Nd7 14. Bf3 b5 15. Rb1
c4 16. a4 a6 17. axb5 axb5 18. b3 Nb6 19. bxc4 bxc4 20. Nxc4 Nxc4 21. Rxb7 Nxe3
22. Qe2 Nxf1 23. Kxf1 Ra1+ 24. Kf2 Bxc3 25. Qxe7 Be1+ 26. Qxe1 Rxe1 27. Kxe1
Re8+ 28. Kf2 Qa5 0-1

[Event "I Torneo Hotel Petra A"]
[Site "Roma ITA"]
[Date "2004.03.13"]
[Round "8"]
[White "Corvi, Marco"]
[Black "Tribuiani, Renato"]
[Result "1-0"]
[WhiteElo "2295"]
[BlackElo "2099"]
[PlyCount "53"]
[EventDate "2004.03.08"]

1. c4 e6 2. Nc3 d5 3. cxd5 exd5 4. d4 f5 5. Bf4 c6 6. Nf3 Nf6 7. e3 Qa5 8. Bd3
Bb4 9. Qb3 O-O 10. O-O Kh8 11. a3 Be7 12. Ne5 Qb6 13. Qc2 Ne4 14. f3 g5 15.
fxe4 gxf4 16. Na4 Qd8 17. exf5 fxe3 18. Rae1 Bg5 19. Nc5 Qe7 20. Ne6 Nd7 21.
Nxf8 Nxf8 22. f6 Qc7 23. Qe2 c5 24. Qh5 h6 25. Nf7+ Kg8 26. Nxg5 hxg5 27. f7+
1-0

[Event "I Torneo Hotel Petra A"]
[Site "Roma ITA"]
[Date "2004.03.13"]
[Round "8"]
[White "Fayard, Alain"]
[Black "Naumkin, Igor"]
[Result "0-1"]
[WhiteElo "2256"]
[BlackElo "2416"]
[PlyCount "48"]
[EventDate "2004.03.08"]

1. b3 Nf6 2. Bb2 d5 3. e3 c5 4. f4 g6 5. Nf3 Bg7 6. Be2 O-O 7. O-O Nc6 8. d3 d4
9. e4 Ng4 10. Qc1 e5 11. fxe5 Bh6 12. Nbd2 Qe7 13. c3 Ncxe5 14. cxd4 Be3+ 15.
Kh1 Nxf3 16. gxf3 Nxh2 17. Qe1 Nxf1 18. Nxf1 Bxd4 19. Bxd4 cxd4 20. Qf2 Qc5 21.
f4 f5 22. Ng3 Be6 23. Rg1 Rad8 24. e5 Kh8 0-1

[Event "I Torneo Hotel Petra A"]
[Site "Roma ITA"]
[Date "2004.03.13"]
[Round "8"]
[White "Jones, Gawain C.B."]
[Black "Tomescu, Vlad"]
[Result "1/2-1/2"]
[WhiteElo "2387"]
[BlackElo "2419"]
[PlyCount "83"]
[EventDate "2004.03.08"]

1. e4 c5 2. Nf3 Nc6 3. Bb5 e6 4. Bxc6 bxc6 5. d3 Ne7 6. Qe2 Ng6 7. h4 h5 8. e5
f6 9. Qe4 Kf7 10. Nbd2 Ba6 11. g4 Be7 12. gxh5 Rxh5 13. Qg4 Qh8 14. Ne4 Nxe5
15. Nxe5+ Rxe5 16. h5 Qh7 17. Be3 d5 18. f4 Rxe4 19. Qg6+ Qxg6 20. hxg6+ Kxg6
21. dxe4 d4 22. Bf2 Kf7 23. Rh3 Bd6 24. Bg3 Rb8 25. O-O-O Be2 26. Rd2 Bg4 27.
Rh4 Bf3 28. e5 Be7 29. Rf2 Bd5 30. Rh3 f5 31. Bh4 Bf8 32. Rd2 Be4 33. c3 d3 34.
c4 Rb7 35. b3 a5 36. Kb2 a4 37. Rg3 axb3 38. axb3 Be7 39. Bxe7 Rxe7 40. Rg1 Re8
41. Rh2 Re7 42. Kc3 1/2-1/2

[Event "I Torneo Hotel Petra A"]
[Site "Roma ITA"]
[Date "2004.03.13"]
[Round "8"]
[White "Ortega, Lexy"]
[Black "Marzano, Carlo"]
[Result "1-0"]
[WhiteElo "2454"]
[BlackElo "2228"]
[PlyCount "23"]
[EventDate "2004.03.08"]

1. d4 Nc6 2. d5 Ne5 3. Nc3 e6 4. dxe6 fxe6 5. e4 b6 6. Bf4 Ng6 7. Bg3 Bb7 8.
Nf3 Nf6 9. Nb5 d6 10. Ng5 Qe7 11. Nxe6 Rc8 12. Nexc7+ 1-0

[Event "I Torneo Hotel Petra A"]
[Site "Roma ITA"]
[Date "2004.03.13"]
[Round "8"]
[White "Russo, Carmelo"]
[Black "Piscopo, Pierluigi"]
[Result "0-1"]
[WhiteElo "1447"]
[BlackElo "2318"]
[PlyCount "82"]
[EventDate "2004.03.08"]

1. Nf3 Nc6 2. b3 e5 3. e4 Nf6 4. Bb2 Nxe4 5. Qe2 Nf6 6. Nxe5 Be7 7. Ng4 O-O 8.
Ne3 d5 9. d4 Re8 10. Nd2 a5 11. g3 a4 12. Bg2 Bb4 13. a3 Bxd2+ 14. Qxd2 axb3
15. cxb3 Na5 16. Qb4 Ng4 17. O-O Nxe3 18. fxe3 Rxe3 19. Rae1 Rxe1 20. Qxe1 Be6
21. Qc3 Qd7 22. b4 Nc4 23. Bc1 Bh3 24. Bxh3 Qxh3 25. Qf3 Qe6 26. Qf5 Qxf5 27.
Rxf5 c6 28. Rf3 Re8 29. Kf2 Re4 30. Rf4 f6 31. a4 Kf7 32. h4 Ke6 33. Rxe4+ dxe4
34. g4 Kd5 35. Be3 Nb2 36. a5 Nd1+ 37. Ke2 Nxe3 38. Kxe3 g6 39. h5 gxh5 40.
gxh5 f5 41. h6 Kc4 0-1

[Event "I Torneo Hotel Petra A"]
[Site "Roma ITA"]
[Date "2004.03.13"]
[Round "9"]
[White "Marzano, Carlo"]
[Black "Fayard, Alain"]
[Result "1/2-1/2"]
[WhiteElo "2228"]
[BlackElo "2256"]
[PlyCount "88"]
[EventDate "2004.03.08"]

1. d4 Nf6 2. Nf3 e6 3. Bg5 h6 4. Bh4 b6 5. Nbd2 Bb7 6. e3 g5 7. Bg3 Rg8 8. c3
d6 9. Qa4+ Nbd7 10. Ba6 Qc8 11. Bxb7 Qxb7 12. h3 h5 13. O-O-O g4 14. Ne1 O-O-O
15. Bh4 Kb8 16. hxg4 hxg4 17. f3 Rc8 18. Nd3 Bg7 19. Kb1 c5 20. Bg3 Rc6 21.
dxc5 bxc5 22. Nc4 Nb6 23. Nxb6 axb6 24. e4 gxf3 25. gxf3 Nd7 26. Rhe1 b5 27.
Qc2 Ka8 28. Bf4 Qb8 29. Qh2 Rh8 30. Qg3 Bf6 31. Rd2 Rhc8 32. Rc2 b4 33. cxb4 c4
34. Nc5 Ne5 35. Bxe5 Bxe5 36. Nd7 Qxb4 37. Nxe5 dxe5 38. Qxe5 c3 39. Rec1 cxb2
40. Qxb2 Rxc2 41. Rxc2 Qe1+ 42. Rc1 Rxc1+ 43. Qxc1 Qb4+ 44. Kc2 Qc4+ 1/2-1/2

[Event "I Torneo Hotel Petra A"]
[Site "Roma ITA"]
[Date "2004.03.13"]
[Round "9"]
[White "Piscopo, Pierluigi"]
[Black "Corvi, Marco"]
[Result "1-0"]
[WhiteElo "2318"]
[BlackElo "2295"]
[PlyCount "39"]
[EventDate "2004.03.08"]

1. e4 Nf6 2. e5 Nd5 3. d4 d6 4. c4 Nb6 5. f4 dxe5 6. fxe5 Nc6 7. Be3 Bf5 8. Nc3
e6 9. Nf3 Qd7 10. Be2 O-O-O 11. O-O f6 12. exf6 gxf6 13. a4 a5 14. d5 exd5 15.
Bxb6 cxb6 16. cxd5 Bc5+ 17. Kh1 Nb4 18. Nd4 Bxd4 19. Qxd4 Be6 20. Qc4+ 1-0

[Event "I Torneo Hotel Petra A"]
[Site "Roma ITA"]
[Date "2004.03.13"]
[Round "9"]
[White "Tomescu, Vlad"]
[Black "Cavatorta, Fosco"]
[Result "1-0"]
[WhiteElo "2419"]
[BlackElo "2088"]
[PlyCount "89"]
[EventDate "2004.03.08"]

1. e4 d6 2. d4 Nf6 3. Nc3 g6 4. f4 Bg7 5. Nf3 c5 6. e5 Nfd7 7. exd6 cxd4 8.
Nxd4 exd6 9. Be3 a6 10. Qd2 O-O 11. O-O-O Re8 12. g3 Nc6 13. Bg2 Na5 14. Bf2
Nb6 15. Rde1 Rxe1+ 16. Rxe1 Bd7 17. Nd5 Nxd5 18. Bxd5 Rc8 19. c3 Nc4 20. Qe2 b5
21. Qe7 Qxe7 22. Rxe7 Nb6 23. Rxf7 Nxd5 24. Rxd7 Nf6 25. Re7 Ng4 26. Bg1 b4 27.
h3 Nh6 28. Kd2 bxc3+ 29. bxc3 Nf5 30. Ra7 Nxg3 31. Kd3 Nh5 32. Be3 Nf6 33. Rxa6
Nd5 34. Bd2 Bh6 35. Ne6 Kf7 36. Rxd6 Ke7 37. Rxd5 Kxe6 38. c4 Ra8 39. f5+ gxf5
40. Bxh6 Rxa2 41. Bf4 Ra3+ 42. Kd4 Rxh3 43. Rd6+ Kf7 44. Ke5 Rc3 45. Rc6 1-0